00983 2200337 4500001002100000005001500021035002000036007000300056008004100059020002200100040002200122082001200144084001400156090001800170090002200188100002800210245008000238250002300318300002500341650003100366650001700397850001200414041001300426264003000439336002100469337003000490338002300520999002200543500005800565990002200623INLIS00000000085008220190731020800 a0010-0719001083ta190731s2018 yoi f ind d a978-979-2964-70-7 aYOPDYOGbinderda04223a223 a223 BRI m aDEP 223 BRI m aCB-D.11 2018-31930 aBrigitta Graceepenulis10aMerpati-Ku idam-idaman-Ku=my dove, my perfect one /cpenulis Brigitta Grace aCetakan ke 1, 2018 a175 halaman ;c21 cm 4aAlkitab--xPerjanjian lama 4aKidung agung aYOPDYOG0 aindgeng31aYogyakarta :bAndi,c2018 2rdacontentateks 2rdamediaatanpa perantara 2rdacarrieravolume aCB-D.11/2018-3193 aTeks terdiri dari Bahasa Indonesia dan Bahasa Inggris aCB-D.11/2018-3193